| 000 | 00438pab a2200157 454500 | ||
|---|---|---|---|
| 008 | 180718b2006 xxu||||| |||| 00| 0 eng d | ||
| 100 | _aMarwah, Ved | ||
| 245 | _aDemographic imbalance and implications on national security - a management challenge for India | ||
| 260 | _c2006 | ||
| 300 | _ap.169-202. | ||
| 362 | _aApr-Jun | ||
| 650 | _aState security - India | ||
| 650 | _aState security | ||
| 773 | _aUSI Journal | ||
| 909 | _a70595 | ||
| 999 |
_c70595 _d70595 |
||